000 00651cam a22002413a 4500
001 30031
003 PGUSA
005 20140828083640.0
008 090919s2009||||xxu|||||s|||||000 1 eng d
040 _aPGUSA
_beng
042 _adc
050 4 _aPS
100 1 _aErskine, Payne,
_d1854-1924
245 1 4 _aThe Eye of Dread
_h[electronic resource] /
_cPayne Erskine
260 _bProject Gutenberg,
_c2009
506 _aPublic domain in the USA.
516 _aElectronic text
653 _aFiction
700 1 _aGibbs, George,
_d1870-1942
830 0 _aProject Gutenberg
_v30031
856 4 0 _uhttp://www.gutenberg.org/ebooks/30031
942 _cEB
999 _c259286
_d259286